LEADER 00817nam a2200181 i 4500 001 000000258692 003 CaOOAMICUS 005 20180529000000.0 008 180529s1824 it u000 u ita u 013 $a237600 040 $aSeMil$bita 240 10$aIstorie fiorentine di Scipione Ammirato libro nono.$0(OLS)http://semarc/title/413615 245 10$aTomo 3. 300 $aP. 258-462. 773 0 $aAmmirato, Scipione <1531-1601>$tIstorie fiorentine di Scipione Ammirato. Parte prima [-seconda] con l'aggiunte di Scipione Ammirato il Giovane contrasegnate in carattere corsivo. Tomo 1. [-11.].$dFirenze : Per L. Marchini e G. Becherini, 1824-1827.$g3$w()4921 850 $aSeMil 852 $aSeMil$W1$xVenegono$y1$m1T III 6 FA$j209038$B209038$CSeMilBibl$Z2$F222729 $8I 996 $6245$aTomo 3$9(OLS)http://semarc/title/53129 LEADER 00444nab a2200145 i 4500 001 000000273626 003 CaOOAMICUS 005 20100817000000.0 008 100817n xx uu u0 0und r 013 $a21972 040 $aSeMil$bita 245 10$a[SENZA TITOLO]. 500 $a4 Settembre 1920 - Anno 1. 773 0 $t7. Centenario di S. Domenico, 1221-1921.$dBologna : [s.n.], 1920-1922$w()68822 996 $6245$a[SENZA TITOLO]$9(OLS)http://semarc/title/354609